[Event "Grand Swiss "]
[Date "2025.09.08"]
[White "Nihal Sarin"]
[Black "Mendonca, Leon Luke"]
[WhiteElo "2693"]
[BlackElo "2615"]
[Round "5.5.16"]
[Result "1-0"]

1. d4 {[%clk 01:39:30] [%emt 00:01:29]} Nf6 {[%clk 01:39:58] [%emt 00:01:03]} 2.
Nf3 {[%clk 01:39:45] [%emt 00:00:14]} d5 {[%clk 01:39:01] [%emt 00:01:27]} 3. g3
{[%clk 01:39:56] [%emt 00:00:19]} c5 {[%clk 01:36:58] [%emt 00:02:34]} 4. Bg2
{[%clk 01:39:41] [%emt 00:00:44]} cxd4 {[%clk 01:34:45] [%emt 00:02:43]} 5. O-O
{[%clk 01:39:52] [%emt 00:00:19]} h6 {[%clk 01:31:28] [%emt 00:03:48]} 6. Bf4
{[%clk 01:34:44] [%emt 00:05:37]} g5 {[%clk 01:13:19] [%emt 00:18:40]} 7. Bxb8
{[%clk 01:33:06] [%emt 00:02:09]} Rxb8 {[%clk 01:13:45] [%emt 00:00:04]} 8. Qxd4
{[%clk 01:33:28] [%emt 00:00:07]} Bg7 {[%clk 00:56:22] [%emt 00:17:53]} 9. Qxa7
{[%clk 01:32:22] [%emt 00:01:36]} Qc7 {[%clk 00:52:46] [%emt 00:04:07]} 10. Na3
{[%clk 01:11:06] [%emt 00:21:46]} Bd7 {[%clk 00:53:09] [%emt 00:00:06]} 11. c3
{[%clk 01:11:27] [%emt 00:00:09]} O-O {[%clk 00:52:55] [%emt 00:00:44]} 12. Qe3
{[%clk 01:11:27] [%emt 00:00:30]} e6 {[%clk 00:46:43] [%emt 00:06:42]} 13. Ne5
{[%clk 01:10:09] [%emt 00:01:48]} Ba4 {[%clk 00:42:16] [%emt 00:04:57]} 14. f4
{[%clk 01:08:01] [%emt 00:02:38]} Nd7 {[%clk 00:40:56] [%emt 00:01:50]} 15. Nxd7
{[%clk 01:03:27] [%emt 00:05:04]} Qxd7 {[%clk 00:39:05] [%emt 00:02:21]} 16.
fxg5 {[%clk 00:56:24] [%emt 00:07:32]} d4 {[%clk 00:38:42] [%emt 00:00:54]} 17.
Qf4 {[%clk 00:56:31] [%emt 00:00:23]} hxg5 {[%clk 00:36:31] [%emt 00:02:42]} 18.
Qxg5 {[%clk 00:56:48] [%emt 00:00:12]} dxc3 {[%clk 00:36:46] [%emt 00:00:15]}
19. bxc3 {[%clk 00:57:03] [%emt 00:00:15]} Rbc8 {[%clk 00:26:24] [%emt
00:10:53]} 20. Rab1 {[%clk 00:48:11] [%emt 00:09:21]} Rxc3 {[%clk 00:24:11]
[%emt 00:02:43]} 21. Nb5 {[%clk 00:46:54] [%emt 00:01:48]} Rc4 {[%clk 00:22:06]
[%emt 00:02:35]} 22. e3 {[%clk 00:38:09] [%emt 00:09:14]} Bc2 {[%clk 00:17:53]
[%emt 00:04:43]} 23. Rbc1 {[%clk 00:30:06] [%emt 00:08:34]} Qd2 {[%clk 00:17:39]
[%emt 00:00:43]} 24. Rce1 {[%clk 00:22:02] [%emt 00:08:34]} Rb4 {[%clk 00:15:08]
[%emt 00:03:01]} 25. Bf3 {[%clk 00:13:37] [%emt 00:08:55]} f6 {[%clk 00:09:07]
[%emt 00:06:32]} 26. Qc5 {[%clk 00:11:05] [%emt 00:03:02]} Bd3 {[%clk 00:05:09]
[%emt 00:04:28]} 27. Rd1 {[%clk 00:11:10] [%emt 00:00:24]} Rxb5 {[%clk 00:05:22]
[%emt 00:00:18]} 28. Rxd2 {[%clk 00:10:41] [%emt 00:00:59]} Rxc5 {[%clk
00:05:51] [%emt 00:00:01]} 29. Rxd3 {[%clk 00:11:04] [%emt 00:00:07]} Ra8 {[%clk
00:05:09] [%emt 00:01:13]} 30. Rf2 {[%clk 00:09:54] [%emt 00:01:40]} Ra7 {[%clk
00:04:05] [%emt 00:01:34]} 31. Bd1 {[%clk 00:08:10] [%emt 00:02:13]} b5 {[%clk
00:03:39] [%emt 00:00:56]} 32. Bb3 {[%clk 00:08:07] [%emt 00:00:33]} Kf7 {[%clk
00:04:07] [%emt 00:00:02]} 33. Kg2 {[%clk 00:08:15] [%emt 00:00:22]} Bh6 {[%clk
00:03:26] [%emt 00:01:11]} 34. h4 {[%clk 00:05:22] [%emt 00:03:23]} Ke7 {[%clk
00:03:39] [%emt 00:00:18]} 35. e4 {[%clk 00:04:36] [%emt 00:01:15]} Rac7 {[%clk
00:03:09] [%emt 00:01:00]} 36. Rdf3 {[%clk 00:03:57] [%emt 00:01:09]} Bg7 {[%clk
00:03:34] [%emt 00:00:06]} 37. Rf4 {[%clk 00:04:17] [%emt 00:00:10]} Re5 {[%clk
00:00:48] [%emt 00:03:16]} 38. Rg4 {[%clk 00:04:13] [%emt 00:00:34]} Kf7 {[%clk
00:00:51] [%emt 00:00:28]} 39. Rf5 {[%clk 00:03:38] [%emt 00:01:04]} Rcc5 {[%clk
00:01:20] [%emt 00:00:02]} 40. Rgg5 {[%clk 00:02:24] [%emt 00:01:44]} Rxf5
{[%clk 00:00:36] [%emt 00:01:14]} 41. Rxf5 {[%clk 00:02:36] [%emt 00:00:18]} Bf8
{[%clk 00:45:02] [%emt 00:06:04]} 42. g4 {[%clk 00:38:10] [%emt 00:14:55]} Kg7
{[%clk 00:24:01] [%emt 00:21:32]} 43. Rxc5 {[%clk 00:19:30] [%emt 00:19:10]}
Bxc5 {[%clk 00:24:29] [%emt 00:00:02]} 44. e5 {[%clk 00:19:53] [%emt 00:00:08]}
f5 {[%clk 00:18:44] [%emt 00:06:15]} 45. Bxe6 {[%clk 00:19:37] [%emt 00:00:45]}
fxg4 {[%clk 00:19:09] [%emt 00:00:05]} 46. Bxg4 {[%clk 00:20:02] [%emt
00:00:04]} Bd4 {[%clk 00:19:30] [%emt 00:00:10]} 47. e6 {[%clk 00:19:53] [%emt
00:00:39]} Kf6 {[%clk 00:19:56] [%emt 00:00:04]} 48. Kf3 {[%clk 00:19:12] [%emt
00:01:11]} Bc5 {[%clk 00:19:52] [%emt 00:00:34]} 49. Ke4 {[%clk 00:19:16] [%emt
00:00:26]} b4 {[%clk 00:20:09] [%emt 00:00:14]} 50. h5 {[%clk 00:19:25] [%emt
00:00:20]} Bf8 {[%clk 00:20:34] [%emt 00:00:05]} 51. Kd5 {[%clk 00:19:27] [%emt
00:00:28]} Ke7 {[%clk 00:21:00] [%emt 00:00:05]} 52. Kc5 {[%clk 00:19:15] [%emt
00:00:42]} Kd8+ {[%clk 00:19:36] [%emt 00:01:54]} 53. Kd5 {[%clk 00:17:51] [%emt
00:01:54]} Ke7 {[%clk 00:19:58] [%emt 00:00:09]} 54. Ke5 {[%clk 00:16:23] [%emt
00:01:58]} Bh6 {[%clk 00:20:16] [%emt 00:00:13]} 55. Kf5 {[%clk 00:16:48] [%emt
00:00:05]} Be3 {[%clk 00:20:42] [%emt 00:00:03]} 56. Kg6 {[%clk 00:16:26] [%emt
00:00:51]} Bd4 {[%clk 00:20:45] [%emt 00:00:27]} 57. h6 {[%clk 00:16:34] [%emt
00:00:22]} Bc3 {[%clk 00:21:10] [%emt 00:00:06]} 58. Kh7 {[%clk 00:16:41] [%emt
00:00:23]} Kf8 {[%clk 00:21:02] [%emt 00:00:39]} 59. e7+ {[%clk 00:16:44] [%emt
00:00:26]} Kxe7 {[%clk 00:21:23] [%emt 00:00:09]} 60. Kg8 {[%clk 00:17:08] [%emt
00:00:04]} 1-0

[Site "Europe Echecs"]

[Event "Grand Swiss "]
[Date "2025.09.08"]
[White "Sevian, Samuel"]
[Black "Ivanchuk, Vasyl"]
[WhiteElo "2692"]
[BlackElo "2608"]
[Round "5.5.17"]
[Result "1/2-1/2"]

1. d4 {[%clk 01:40:55] [%emt 00:00:05]} d5 {[%clk 01:40:18] [%emt 00:00:42]} 2.
c4 {[%clk 01:40:22] [%emt 00:01:03]} c6 {[%clk 01:40:44] [%emt 00:00:04]} 3. Nf3
{[%clk 01:40:07] [%emt 00:00:45]} Nf6 {[%clk 01:40:56] [%emt 00:00:17]} 4. Nc3
{[%clk 01:40:03] [%emt 00:00:35]} dxc4 {[%clk 01:39:19] [%emt 00:02:07]} 5. a4
{[%clk 01:39:16] [%emt 00:01:17]} e6 {[%clk 01:39:45] [%emt 00:00:04]} 6. e3
{[%clk 01:32:55] [%emt 00:06:51]} c5 {[%clk 01:39:58] [%emt 00:00:17]} 7. Bxc4
{[%clk 01:33:17] [%emt 00:00:08]} cxd4 {[%clk 01:39:33] [%emt 00:00:56]} 8. exd4
{[%clk 01:32:31] [%emt 00:01:16]} Be7 {[%clk 01:39:32] [%emt 00:00:29]} 9. O-O
{[%clk 01:32:52] [%emt 00:00:10]} O-O {[%clk 01:39:07] [%emt 00:00:55]} 10. Qe2
{[%clk 01:18:42] [%emt 00:14:40]} Nc6 {[%clk 01:38:08] [%emt 00:01:29]} 11. Rd1
{[%clk 01:11:38] [%emt 00:07:34]} Nb4 {[%clk 01:36:32] [%emt 00:02:06]} 12. a5
{[%clk 01:10:01] [%emt 00:02:08]} Bd7 {[%clk 01:33:47] [%emt 00:03:14]} 13. Ne5
{[%clk 01:08:20] [%emt 00:02:12]} Be8 {[%clk 01:07:26] [%emt 00:26:51]} 14. h4
{[%clk 01:00:06] [%emt 00:08:44]} Kh8 {[%clk 00:51:31] [%emt 00:16:24]} 15. h5
{[%clk 00:57:30] [%emt 00:03:07]} h6 {[%clk 00:48:20] [%emt 00:03:41]} 16. Bb3
{[%clk 00:45:40] [%emt 00:12:19]} Rc8 {[%clk 00:47:15] [%emt 00:01:35]} 17. Bf4
{[%clk 00:42:00] [%emt 00:04:10]} a6 {[%clk 00:34:11] [%emt 00:13:35]} 18. Qf3
{[%clk 00:37:45] [%emt 00:04:45]} Bc6 {[%clk 00:30:58] [%emt 00:03:43]} 19. Nxc6
{[%clk 00:29:25] [%emt 00:08:51]} Rxc6 {[%clk 00:28:39] [%emt 00:02:48]} 20. d5
{[%clk 00:19:31] [%emt 00:10:24]} Nfxd5 {[%clk 00:28:52] [%emt 00:00:16]} 21.
Nxd5 {[%clk 00:19:26] [%emt 00:00:36]} Nxd5 {[%clk 00:29:09] [%emt 00:00:13]}
22. Bxd5 {[%clk 00:19:49] [%emt 00:00:07]} exd5 {[%clk 00:29:35] [%emt
00:00:04]} 23. Rxd5 {[%clk 00:20:15] [%emt 00:00:04]} Qc8 {[%clk 00:29:43] [%emt
00:00:21]} 24. Rad1 {[%clk 00:20:42] [%emt 00:00:04]} Bf6 {[%clk 00:12:42] [%emt
00:17:29]} 25. b4 {[%clk 00:13:53] [%emt 00:07:20]} Rc3 {[%clk 00:09:22] [%emt
00:03:50]} 26. Be3 {[%clk 00:13:04] [%emt 00:01:21]} Kg8 {[%clk 00:05:15] [%emt
00:04:36]} 27. Rd7 {[%clk 00:07:57] [%emt 00:05:37]} Bg5 {[%clk 00:02:26] [%emt
00:03:19]} 28. Qxb7 {[%clk 00:07:38] [%emt 00:00:49]} Bxe3 {[%clk 00:02:54]
[%emt 00:00:03]} 29. fxe3 {[%clk 00:08:05] [%emt 00:00:03]} Qc4 {[%clk 00:02:22]
[%emt 00:01:01]} 30. Qb6 {[%clk 00:04:08] [%emt 00:04:27]} Rc2 {[%clk 00:01:43]
[%emt 00:01:08]} 31. Rd8 {[%clk 00:03:45] [%emt 00:00:54]} Qe4 {[%clk 00:01:28]
[%emt 00:00:44]} 32. R8d2 {[%clk 00:02:12] [%emt 00:02:04]} Rfc8 {[%clk
00:01:06] [%emt 00:00:49]} 33. Qd4 {[%clk 00:02:42] [%emt 00:00:04]} Rxd2 {[%clk
00:00:43] [%emt 00:00:52]} 34. Rxd2 {[%clk 00:02:58] [%emt 00:00:14]} Qf5 {[%clk
00:00:41] [%emt 00:00:31]} 35. Qh4 {[%clk 00:00:37] [%emt 00:02:52]} Rc1+ {[%clk
00:00:50] [%emt 00:00:21]} 36. Kh2 {[%clk 00:01:06] [%emt 00:00:01]} Qe5+ {[%clk
00:01:11] [%emt 00:00:09]} 37. g3 {[%clk 00:01:18] [%emt 00:00:19]} Qxe3 {[%clk
00:00:36] [%emt 00:01:04]} 38. Qd8+ {[%clk 00:01:20] [%emt 00:00:28]} Kh7 {[%clk
00:01:05]} 39. Qd3+ {[%clk 00:01:07] [%emt 00:00:44]} Qxd3 {[%clk 00:01:30]
[%emt 00:00:05]} 40. Rxd3 {[%clk 00:01:35] [%emt 00:00:02]} Rb1 {[%clk 00:00:56]
[%emt 00:01:04]} 41. Rd4 {[%clk 00:01:14] [%emt 00:00:51]} g6 {[%clk 00:01:13]
[%emt 00:00:13]} 42. Rd7 {[%clk 00:28:07] [%emt 00:23:37]} Rxb4 {[%clk 00:34:09]
[%emt 00:17:33]} 43. Rxf7+ {[%clk 00:28:04] [%emt 00:00:34]} Kh8 {[%clk
00:34:27] [%emt 00:00:11]} 44. Rf6 {[%clk 00:18:31] [%emt 00:10:03]} Rb5 {[%clk
00:34:46] [%emt 00:00:10]} 45. Rxa6 {[%clk 00:18:34] [%emt 00:00:29]} Rxh5+
{[%clk 00:35:08] [%emt 00:00:08]} 46. Kg2 {[%clk 00:19:01] [%emt 00:00:02]} Rf5
{[%clk 00:29:40] [%emt 00:05:56]} 47. g4 {[%clk 00:14:44] [%emt 00:04:49]} Rb5
{[%clk 00:29:07] [%emt 00:01:02]} 48. Ra7 {[%clk 00:11:31] [%emt 00:03:43]} h5
{[%clk 00:27:07] [%emt 00:02:30]} 49. a6 {[%clk 00:11:58] [%emt 00:00:03]} Ra5
{[%clk 00:26:59] [%emt 00:00:37]} 50. Kg3 {[%clk 00:11:05] [%emt 00:01:24]} Ra4
{[%clk 00:24:15] [%emt 00:03:14]} 51. gxh5 {[%clk 00:10:50] [%emt 00:00:46]}
gxh5 {[%clk 00:24:38] [%emt 00:00:06]} 52. Kh3 {[%clk 00:11:09] [%emt 00:00:11]}
Kg8 {[%clk 00:24:40] [%emt 00:00:28]} 53. Kg3 {[%clk 00:11:35] [%emt 00:00:05]}
h4+ {[%clk 00:24:38] [%emt 00:00:31]} 54. Kh3 {[%clk 00:12:01] [%emt 00:00:04]}
Kh8 {[%clk 00:25:04] [%emt 00:00:04]} 55. Rc7 {[%clk 00:12:23] [%emt 00:00:08]}
Rxa6 {[%clk 00:25:28] [%emt 00:00:06]} 56. Kxh4 {[%clk 00:12:51] [%emt
00:00:02]} 1/2-1/2

[Site "Europe Echecs"]

[Event "Grand Swiss "]
[Date "2025.09.08"]
[White "Hovhannisyan, Robert"]
[Black "Van Foreest, Jorden"]
[WhiteElo "2629"]
[BlackElo "2692"]
[Round "5.5.18"]
[Result "1/2-1/2"]

1. e4 {[%clk 01:40:57] [%emt 00:00:02]} c5 {[%clk 01:40:43] [%emt 00:00:16]} 2.
Nf3 {[%clk 01:41:18] [%emt 00:00:09]} d6 {[%clk 01:41:05] [%emt 00:00:08]} 3. d4
{[%clk 01:41:34] [%emt 00:00:15]} cxd4 {[%clk 01:41:26] [%emt 00:00:09]} 4. Nxd4
{[%clk 01:42:00] [%emt 00:00:04]} Nf6 {[%clk 01:41:44] [%emt 00:00:11]} 5. Nc3
{[%clk 01:42:25] [%emt 00:00:05]} g6 {[%clk 01:42:03] [%emt 00:00:11]} 6. Be3
{[%clk 01:42:19] [%emt 00:00:37]} Bg7 {[%clk 01:42:23] [%emt 00:00:10]} 7. f3
{[%clk 01:42:42] [%emt 00:00:07]} Nc6 {[%clk 01:42:39] [%emt 00:00:14]} 8. Qd2
{[%clk 01:43:03] [%emt 00:00:09]} O-O {[%clk 01:43:00] [%emt 00:00:08]} 9. O-O-O
{[%clk 01:39:57] [%emt 00:03:37]} d5 {[%clk 01:43:18] [%emt 00:00:12]} 10. Nxc6
{[%clk 01:39:50] [%emt 00:00:38]} bxc6 {[%clk 01:43:41] [%emt 00:00:06]} 11. Bc4
{[%clk 01:39:42] [%emt 00:00:37]} Bb7 {[%clk 01:32:30] [%emt 00:11:42]} 12. exd5
{[%clk 01:34:50] [%emt 00:05:22]} cxd5 {[%clk 01:32:02] [%emt 00:00:57]} 13.
Nxd5 {[%clk 01:34:42] [%emt 00:00:39]} Bxd5 {[%clk 01:28:31] [%emt 00:04:01]}
14. Bxd5 {[%clk 01:35:00] [%emt 00:00:12]} Nxd5 {[%clk 01:28:09] [%emt
00:00:52]} 15. Qxd5 {[%clk 01:35:24] [%emt 00:00:07]} Qc7 {[%clk 01:09:51] [%emt
00:18:47]} 16. Qc5 {[%clk 01:24:34] [%emt 00:11:19]} Qb7 {[%clk 01:09:12] [%emt
00:01:09]} 17. Bd4 {[%clk 01:22:08] [%emt 00:02:57]} Rfc8 {[%clk 01:07:28] [%emt
00:02:13]} 18. Qa5 {[%clk 01:19:01] [%emt 00:03:37]} Qc6 {[%clk 00:56:04] [%emt
00:11:55]} 19. c3 {[%clk 01:18:13] [%emt 00:01:18]} Qc4 {[%clk 00:45:34] [%emt
00:11:00]} 20. Bxg7 {[%clk 01:02:09] [%emt 00:16:34]} Rc5 {[%clk 00:45:30] [%emt
00:00:33]} 21. Qa3 {[%clk 01:01:10] [%emt 00:01:29]} Kxg7 {[%clk 00:45:53] [%emt
00:00:07]} 22. Rhe1 {[%clk 01:00:25] [%emt 00:01:15]} Qf4+ {[%clk 00:41:30]
[%emt 00:04:52]} 23. Kb1 {[%clk 01:00:03] [%emt 00:00:53]} Re5 {[%clk 00:38:57]
[%emt 00:03:03]} 24. c4 {[%clk 00:49:28] [%emt 00:11:05]} Rxe1 {[%clk 00:32:53]
[%emt 00:06:34]} 25. Rxe1 {[%clk 00:49:42] [%emt 00:00:16]} Qxc4 {[%clk
00:25:30] [%emt 00:07:53]} 26. Qxe7 {[%clk 00:49:59] [%emt 00:00:14]} Qd3+
{[%clk 00:25:38] [%emt 00:00:22]} 27. Ka1 {[%clk 00:50:19] [%emt 00:00:10]} Rc8
{[%clk 00:23:48] [%emt 00:02:20]} 28. Qxa7 {[%clk 00:43:55] [%emt 00:06:54]} Rc2
{[%clk 00:24:13] [%emt 00:00:04]} 29. Qg1 {[%clk 00:41:15] [%emt 00:03:09]} h5
{[%clk 00:24:20] [%emt 00:00:23]} 30. a3 {[%clk 00:36:50] [%emt 00:04:56]} Rd2
{[%clk 00:24:41] [%emt 00:00:08]} 31. Rb1 {[%clk 00:25:58] [%emt 00:11:22]} h4
{[%clk 00:24:47] [%emt 00:00:25]} 32. h3 {[%clk 00:25:40] [%emt 00:00:48]} Qd6
{[%clk 00:21:37] [%emt 00:03:40]} 33. Qe1 {[%clk 00:23:29] [%emt 00:02:41]} g5
{[%clk 00:21:56] [%emt 00:00:11]} 34. Qe3 {[%clk 00:17:21] [%emt 00:06:38]} Rxg2
{[%clk 00:22:14] [%emt 00:00:13]} 35. Rg1 {[%clk 00:14:23] [%emt 00:03:26]}
Rxg1+ {[%clk 00:21:26] [%emt 00:01:18]} 36. Qxg1 {[%clk 00:14:48] [%emt
00:00:05]} Qg3 {[%clk 00:19:47] [%emt 00:02:09]} 37. Qd4+ {[%clk 00:12:26] [%emt
00:02:53]} Kg6 {[%clk 00:19:56] [%emt 00:00:21]} 38. Qe4+ {[%clk 00:12:28] [%emt
00:00:28]} Kf6 {[%clk 00:20:20] [%emt 00:00:06]} 39. Qd4+ {[%clk 00:08:24] [%emt
00:04:34]} Kg6 {[%clk 00:20:09] [%emt 00:00:40]} 40. Qe4+ {[%clk 00:05:29] [%emt
00:03:25]} 1/2-1/2

[Site "Europe Echecs"]